00415nam a22001337a 450000500170000000800410001704100120005808200130007010000120008324500400009526000880013530000320022365000260025520240823124400.0240823b |||||||| |||| 00| 0 eng d aEnglish a349 LAW  lEnglish aThe Laws of South West Africa 1952  aWindhoek: bOrder of the Honourable the Administrator of South West Africa, c1952  blxxix, 977 pages; c25 cm.  aLegal practice bLaw